[Event "Petrov Memorial op"]
[Site "St Petersburg"]
[Date "1998.??.??"]
[Round "3"]
[White "Ter Minasjan, Dmitry"]
[Black "Ivanov, Vladimir A"]
[Result "1/2-1/2"]
[WhiteElo "2235"]
[BlackElo "2425"]
[PlyCount "158"]
[EventDate "1998.02.??"]
[EventType "swiss"]
[EventRounds "9"]
[EventCountry "RUS"]
[SourceTitle "EXT 1999"]
[Source "ChessBase"]
[SourceDate "1998.11.16"]
[SourceVersion "1"]
[SourceVersionDate "1998.11.16"]
[SourceQuality "1"]

1. e4 Nc6 2. Nf3 d6 3. d4 Nf6 4. Nc3 Bg4 5. Bb5 a6 6. Bxc6+ bxc6 7. 0-0 e6 8. Qd3 Be7 9. Ne2 d5 10. Ng3 dxe4 11. Nxe4 Bf5 12. Nxf6+ Bxf6 13. Qe2 0-0 14. c3 c5 15. Rd1 Qd5 16. Be3 c4 17. Bf4 Bd3 18. Qe3 Rfb8 19. b4 Rb7 20. Ne1 Bg6 21. Qg3 a5 22. a3 Bd8 23. Nf3 Rba7 24. Rac1 axb4 25. axb4 Bh5 26. Re1 Bxf3 27. gxf3 c6 28. Re5 Qd7 29. Kg2 f6 30. Ree1 Be7 31. Qh3 Kf7 32. Re2 Ra1 33. Qxh7 Rxc1 34. Qh5+ Kg8 35. Bxc1 Ra1 36. Bf4 Ra3 37. Rc2 Qd5 38. Qg4 Bf8 39. h4 Kf7 40. h5 Kg8 41. Qg6 Qf5 42. Qxf5 exf5 43. Kg3 Kf7 44. Bc7 Ra7 45. Bf4 Be7 46. Kg2 Ke6 47. Kf1 Ra8 48. Ke2 Rh8 49. Rb2 Rxh5 50. b5 g5 51. Bc7 cxb5 52. Rxb5 Rh1 53. d5+ Kd7 54. Ba5 Ra1 55. Ke3 Rd1 56. Rb7+ Ke8 57. Rb8+ Kf7 58. Rb5 Rd3+ 59. Ke2 g4 60. fxg4 fxg4 61. Bc7 Ke8 62. Ba5 Bd6 63. Bb4 Kd7 64. Rb7+ Kc8 65. Rb6 Bxb4 66. cxb4 Rxd5 67. Rc6+ Kb7 68. Rxc4 f5 69. Ke3 Re5+ 70. Kf4 Re2 71. Kg3 Rb2 72. Rf4 Rb3+ 73. Kg2 Kc6 74. Rxf5 Rxb4 75. Kg3 Kd6 76. Rf4 Rb1 77. Kxg4 Ke6 78. Ra4 Kf7 79. f4 Rb5 1/2-1/2

[Event "Frydek Mistek op"]
[Site "Frydek Mistek"]
[Date "1996.??.??"]
[Round "9"]
[White "Ivanov, Vladimir A"]
[Black "Jacko, Tomas"]
[Result "1-0"]
[WhiteElo "2460"]
[BlackElo "2170"]
[PlyCount "105"]
[EventDate "1996.??.??"]
[EventType "swiss"]
[EventRounds "9"]
[EventCountry "CZE"]
[SourceTitle "EXT 1998"]
[Source "ChessBase"]
[SourceDate "1997.11.17"]
[SourceVersion "1"]
[SourceVersionDate "1997.11.17"]
[SourceQuality "1"]

1. Nf3 Nf6 2. c4 d5 3. cxd5 Nxd5 4. Nc3 Nc6 5. d4 Bg4 6. a3 e6 7. e3 Bd6 8. Ne4 0-0 9. Be2 Bf5 10. Nxd6 cxd6 11. 0-0 Rc8 12. Bd2 Na5 13. Qa4 Nc6 14. Rfc1 h6 15. Ne1 Nf6 16. f3 d5 17. Nd3 Qb6 18. Bc3 e5 19. Nc5 exd4 20. exd4 Qc7 21. Nd3 Bxd3 22. Bxd3 Qf4 23. Re1 Nh5 24. Bf1 Qg5 25. Qd1 Nf4 26. g3 Ne6 27. f4 Qf6 28. Qd3 a6 29. Rad1 Rfd8 30. Qe3 Re8 31. Bd3 Rcd8 32. Bb1 Nc7 33. Qd3 g6 34. a4 Rxe1+ 35. Rxe1 Ne8 36. f5 Qxf5 37. Qxf5 gxf5 38. Bxf5 Nd6 39. Bd3 b5 40. b3 Kg7 41. axb5 axb5 42. Ra1 Re8 43. Bd2 Ne4 44. Bxb5 Nxd2 45. Bxc6 Nxb3 46. Bxe8 Nxa1 47. Ba4 Kf6 48. Kf2 h5 49. h4 Ke6 50. Kf3 Kf5 51. Bd1 Ke6 52. Kf4 Kf6 53. Ba4 1-0